| 000 | 00602nam a22002177a 4500 | ||
|---|---|---|---|
| 999 |
_c1615 _d1615 |
||
| 003 | AR-CdUCM | ||
| 008 | 190227b ||||| |||| 00| 0 spa d | ||
| 020 | _a9504309631 | ||
| 040 |
_aMUNICIPALIDAD PROVINCIAL DEL CUSCO _cBIBLIOTECA MUNICIPAL DEL CUSCO |
||
| 082 |
_a869.56 / _bUT95 |
||
| 100 |
_aUtello, Andres _95474 |
||
| 245 |
_aLa Danza del Sol / _cUtello, Andres |
||
| 300 |
_a54 paginas ; _c22cm. |
||
| 500 | _apoesias | ||
| 650 |
_aDanza _96045 |
||
| 650 |
_aLiteratura _983 |
||
| 650 |
_aPoesia _91598 |
||
| 700 |
_aUtello, Andres _95474 |
||
| 942 |
_2ddc _cLIBROS |
||
| 945 |
_apjha _d2019-02-27 |
||